Catálogo
 En Linea

Petite histoire d' Haiti. (Registro nro. 36904)

Detalles MARC
000 -CABECERA
campo de control de longitud fija 00243nam a2200097 a 4500
005 - FECHA Y HORA DE LA ÚLTIMA TRANSACCIÓN
campo de control 20200930080344.0
008 - DATOS DE LONGITUD FIJA--INFORMACIÓN GENERAL
campo de control de longitud fija 120409s1924 000 spa d
040 ## - FUENTE DE LA CATALOGACIÓN
Centro catalogador/agencia de origen DO-SdBNP
245 #0 - MENCIÓN DE TÍTULO
Título Petite histoire d' Haiti.
260 ## - PUBLICACIÓN, DISTRIBUCIÓN, ETC.
Lugar de publicación, distribución, etc. Port-au-Prince,
Fecha de publicación, distribución, etc. 1924.

No hay ítems disponibles.

Con tecnología Koha